[Event "33. ABC-Turnier 2013 - Gruppe B"]
[Site "Dortmund"]
[Date "2013.10.24"]
[Round "1.5"]
[White "Rzoczek, Christoph"]
[Black "Khess, Roman"]
[Result "0-1"]
[WhiteElo "1579"]
[BlackElo "1664"]
[PlyCount "94"]
[EventDate "2013.??.??"]
[Source "Pit Schulenburg"]
[SourceDate "2013.09.05"]

1. d4 Nf6 2. Nf3 g6 3. Nbd2 Bg7 4. e4 d6 5. Bc4 O-O 6. O-O Nbd7 7. c3 a6 8. h3
b5 9. Bb3 Nb6 10. Bc2 Bb7 11. Nh2 e5 12. dxe5 dxe5 13. Ng4 Re8 14. Nxf6+ Bxf6
15. Nb3 Qe7 16. Na5 Rab8 17. Qf3 Bg7 18. Be3 Nc8 19. Rad1 Ba8 20. Qg4 Nd6 21.
Bc5 Rbd8 22. a4 Qf6 23. Be3 h6 24. axb5 axb5 25. Bc5 Nb7 26. Nxb7 Bxb7 27. Qe2
Bf8 28. Be3 Kg7 29. Rxd8 Rxd8 30. f4 c5 31. fxe5 Qxe5 32. Qf3 f5 33. Bf4 Qe7
34. Qe3 g5 35. Qg3 Bxe4 36. Be5+ Kg8 37. Bxe4 fxe4 38. Bf6 Qd6 39. Be5 Qd5 40.
h4 Bg7 41. Bxg7 Kxg7 42. hxg5 hxg5 43. Qe3 Rh8 44. g4 Rf8 45. Rf2 Qd1+ 46. Kh2
Rh8+ 47. Kg3 Qg1+ 0-1

[Event "33. ABC-Turnier 2013 - Gruppe B"]
[Site "Dortmund"]
[Date "2013.10.24"]
[Round "1.5"]
[White "Sinnen, Robin"]
[Black "Schultz, Bernfried"]
[Result "1/2-1/2"]
[WhiteElo "1622"]
[BlackElo "1746"]
[PlyCount "127"]
[EventDate "2013.??.??"]
[Source "Pit Schulenburg"]
[SourceDate "2013.09.05"]

1. d4 Nf6 2. Nf3 e6 3. Bf4 d5 4. e3 Bd6 5. Bg3 O-O 6. Nbd2 b6 7. Ne5 Nfd7 8.
Bd3 f6 9. Nxd7 Qxd7 10. Bxd6 Qxd6 11. Qh5 f5 12. c3 Nd7 13. Nf3 c5 14. O-O Bb7
15. Rfe1 Rf6 16. Qh3 Rg6 17. Nh4 Rg4 18. Nxf5 exf5 19. Bxf5 Rg6 20. Bxg6 hxg6
21. Qg3 Qc6 22. Rac1 c4 23. Re2 Kf7 24. Rce1 Nf6 25. f3 Nh5 26. Qg5 Rf8 {(=)}
27. e4 dxe4 28. fxe4 Kg8 29. Rf1 Rxf1+ 30. Kxf1 Qf6+ 31. Qxf6 gxf6 32. g3 Kf7
33. Kf2 Ng7 34. Ke3 b5 35. d5 Ke7 36. Kd4 Kd6 37. Rf2 Ne8 38. h4 Bc8 39. Rh2
Bg4 40. Rh1 Bf3 41. Ra1 a5 42. a4 b4 43. cxb4 axb4 44. a5 c3 45. bxc3 bxc3 46.
a6 c2 47. a7 Nc7 48. Kd3 Ke5 49. Ke3 Bxe4 50. d6 Nd5+ 51. Kd2 Nb6 52. d7 Nxd7
53. a8=Q c1=Q+ 54. Kxc1 Bxa8 55. Rxa8 Kf5 56. Rg8 Ne5 57. Rf8 Kg4 58. Rxf6 Kxg3
59. Re6 Nd3+ 60. Kd2 Nf4 61. Re4 Ng2 62. h5 gxh5 63. Re5 h4 64. Rh5 1/2-1/2

[Event "33. ABC-Turnier 2013 - Gruppe B"]
[Site "Dortmund"]
[Date "2013.11.07"]
[Round "2.1"]
[White "Khess, Roman"]
[Black "Sonntag, Joachim"]
[Result "1/2-1/2"]
[WhiteElo "1664"]
[BlackElo "1782"]
[PlyCount "41"]
[EventDate "2013.??.??"]
[Source "Pit Schulenburg"]
[SourceDate "2013.09.05"]

1. c4 c5 2. g3 d5 3. cxd5 Qxd5 4. Nf3 Nc6 5. Nc3 Qd8 6. Bg2 e5 7. O-O Nf6 8. d3
Be7 9. Ng5 O-O 10. Nge4 Nxe4 11. Nxe4 Nd4 12. b3 Bg4 13. Nc3 Rb8 14. Re1 Qd7
15. Be3 Rfd8 16. Bxd4 Qxd4 17. Rc1 a6 18. Ne4 b6 19. Qc2 Be6 20. Nd2 Qd7 21.
Nf3 1/2-1/2

[Event "33. ABC-Turnier 2013 - Gruppe B"]
[Site "Dortmund"]
[Date "2013.11.07"]
[Round "2.1"]
[White "Sinnen, Robin"]
[Black "Rzoczek, Christoph"]
[Result "1-0"]
[WhiteElo "1622"]
[BlackElo "1579"]
[PlyCount "43"]
[EventDate "2013.??.??"]
[Source "Pit Schulenburg"]
[SourceDate "2013.09.05"]

1. d4 Nf6 2. Nf3 c6 3. Bf4 Nd5 4. Bg3 Qb6 5. Qc1 d6 6. e4 Nf6 7. Nbd2 Bg4 8.
Bd3 Nbd7 9. h3 Bh5 10. O-O h6 11. Nc4 Qc7 12. e5 Bxf3 13. exf6 Bd5 14. fxg7
Bxg7 15. Qe3 Bxc4 16. Bxc4 Bf6 17. c3 Nb6 18. Bb3 Qd7 19. Rfe1 d5 20. Qf3 Nc4
21. Bxc4 dxc4 22. Qxf6 1-0

[Event "33. ABC-Turnier 2013 - Gruppe B"]
[Site "Dortmund"]
[Date "2013.11.28"]
[Round "2.3"]
[White "Khess, Roman"]
[Black "Schultz, Bernfried"]
[Result "0-1"]
[WhiteElo "1664"]
[BlackElo "1746"]
[PlyCount "74"]
[EventDate "2013.??.??"]
[Source "Pit Schulenburg"]
[SourceDate "2013.09.05"]

1. c4 c5 2. Nc3 Nc6 3. g3 g6 4. Bg2 Bg7 5. Nf3 d6 6. O-O Nf6 7. d3 O-O 8. e4
Bg4 9. h3 Bxf3 10. Bxf3 Nd4 11. Bg2 Qd7 12. Ne2 Nh5 13. Kh2 Nxe2 14. Qxe2 Bd4
15. Rb1 Rab8 16. Be3 Bg7 17. f4 b5 18. b3 b4 19. Bf3 Nf6 20. g4 Ne8 21. g5 f6
22. h4 e6 23. Rh1 Nc7 24. Rbg1 f5 25. h5 Rbe8 {(=)} 26. Qf2 a5 27. d4 fxe4 28.
Bxe4 cxd4 29. Bxd4 e5 30. Bb6 Rxf4 31. Qe1 gxh5 32. Bxc7 Qxc7 33. Bd5+ Kh8 34.
g6 h6 35. Rf1 Qd8 36. Bf7 Rh4+ 37. Kg2 Qg5+ 0-1

[Event "33. ABC-Turnier 2013 - Gruppe B"]
[Site "Dortmund"]
[Date "2013.11.21"]
[Round "2.4"]
[White "Rzoczek, Christoph"]
[Black "Schultz, Bernfried"]
[Result "1/2-1/2"]
[WhiteElo "1579"]
[BlackElo "1746"]
[PlyCount "127"]
[EventDate "2013.??.??"]
[Source "Pit Schulenburg"]
[SourceDate "2013.09.05"]

1. d4 Nf6 2. Nf3 e6 3. c4 d5 4. e3 dxc4 5. Bxc4 c5 6. O-O Nc6 7. Nc3 cxd4 8.
exd4 Be7 9. Bg5 O-O 10. Re1 b6 11. d5 Nxd5 12. Bxd5 exd5 13. Qxd5 Qxd5 14. Nxd5
Bxg5 15. Nxg5 h6 16. Ne4 Bb7 17. a3 Rad8 18. Nec3 Nd4 19. Ne3 f5 20. Rad1 f4
21. Ned5 Nc6 22. f3 Kh7 23. Kf2 Na5 24. Re7 Bxd5 25. Rxd5 Rxd5 26. Nxd5 Rd8 27.
Nxf4 Rd2+ 28. Re2 Rxe2+ 29. Kxe2 Nc4 30. Nd3 Kg6 31. f4 Kf5 32. Kf3 Nd2+ 33.
Ke2 Nc4 34. a4 Ke4 35. b3 Nd6 36. g4 g6 37. h4 h5 38. f5 gxf5 39. gxh5 Nf7 40.
b4 Nh6 41. b5 Kd4 42. Kd2 Nf7 43. Nb4 Kc4 44. Nc6 Kb3 45. Nxa7 Kxa4 46. Nc6 Nh6
47. Nd4 Kb4 48. Kd3 Kc5 49. Kc3 Kd5 50. Nb3 Nf7 51. Kd3 Nh6 52. Ke3 Ke5 53. Kf3
Nf7 54. Nd2 Nd6 55. h6 Kf6 56. h5 Nxb5 57. Kf4 Nd6 58. Nb3 b5 59. Nc5 b4 60.
Nd7+ Kf7 61. Ne5+ Kg8 62. Kg5 Kh7 63. Nd3 b3 64. Nb2 1/2-1/2

[Event "33. ABC-Turnier 2013 - Gruppe B"]
[Site "Dortmund"]
[Date "2013.12.19"]
[Round "2.5"]
[White "Khess, Roman"]
[Black "Rzoczek, Christoph"]
[Result "0-1"]
[WhiteElo "1664"]
[BlackElo "1579"]
[PlyCount "82"]
[EventDate "2013.??.??"]
[Source "Pit Schulenburg"]
[SourceDate "2013.09.05"]

1. c4 Nf6 2. Nc3 c6 3. g3 e6 4. Bg2 d5 5. cxd5 exd5 6. d4 Bg4 7. Nf3 Bb4 8. O-O
O-O 9. a3 Bd6 10. b4 Nbd7 11. b5 Qc7 12. Qb3 Rfe8 13. Re1 h5 14. a4 Bxf3 15.
Bxf3 h4 16. Kg2 Re6 17. Qb1 Rae8 18. Bg5 Ne4 19. Bxe4 dxe4 20. d5 Re5 21. Bf4
h3+ 22. Kg1 cxd5 23. Bxe5 Rxe5 24. Rc1 Bc5 25. e3 Nf6 26. Ne2 g5 27. Nd4 Qe7
28. Qb2 Nd7 29. Rc2 Qf6 30. Rac1 b6 31. Nc6 Qf3 32. Kf1 Bxe3 33. Rd2 Qg2+ 34.
Ke1 Qg1+ 35. Ke2 Qxf2+ 36. Kd1 Bxd2 37. Qxd2 e3 38. Qe2 Re4 39. Ra1 Nc5 40. Ra2
Qg1+ 41. Kc2 Rc4+ 0-1

[Event "33. ABC-Turnier 2013 - Gruppe C"]
[Site "Dortmund"]
[Date "2013.09.05"]
[Round "1.1"]
[White "Rahner, Norbert"]
[Black "Vogt, Christian"]
[Result "1-0"]
[WhiteElo "1596"]
[BlackElo "1506"]
[PlyCount "61"]
[EventDate "2013.??.??"]
[Source "Pit Schulenburg"]
[SourceDate "2013.09.05"]

1. c4 Nf6 2. d4 g6 3. Nf3 Bg7 4. Bf4 d5 5. Nc3 O-O 6. e3 c5 7. Be2 cxd4 8. Nxd4
a6 9. O-O Nc6 10. Nxc6 bxc6 11. Qb3 dxc4 12. Bxc4 Nh5 13. Rfd1 Qa5 14. Nd5 cxd5
15. Rxd5 Qxd5 16. Bxd5 Nxf4 17. exf4 Ra7 18. Bc6 Bd7 19. Qb6 Bxc6 20. Qxa7 Bxb2
21. Rb1 Ba3 22. Qxa6 Be4 {(=)} 23. Re1 Ra8 24. Qc4 Bf5 25. h3 Be6 26. Rxe6 fxe6
27. Qxe6+ Kg7 28. f5 Rf8 29. fxg6 hxg6 30. Kf1 Bc5 31. Qe5+ {Diagramm #} 1-0

[Event "33. ABC-Turnier 2013 - Gruppe C"]
[Site "Dortmund"]
[Date "2013.09.05"]
[Round "1.1"]
[White "Schlepütz, Volker"]
[Black "Bednik, Henryk"]
[Result "1-0"]
[WhiteElo "1540"]
[BlackElo "1508"]
[PlyCount "93"]
[EventDate "2013.??.??"]
[Source "Pit Schulenburg"]
[SourceDate "2013.09.05"]

1. d4 Nf6 2. c4 d5 3. cxd5 Qxd5 4. Nc3 Qa5 5. Bd2 Bg4 6. Qb3 Qb6 7. Qxb6 axb6
8. e4 Nc6 9. Bb5 Bd7 10. Nf3 Nb4 11. Bxd7+ Kxd7 12. Ke2 e6 13. a3 Na6 14. Rhd1
Be7 15. Ne5+ Ke8 16. b4 Nd7 17. Nd3 Rd8 18. b5 Nab8 19. Bf4 Bd6 20. Bxd6 cxd6
21. Na4 Rc8 22. Rdc1 Ke7 23. Kd2 g6 24. f3 e5 25. d5 Nc5 26. Ndxc5 bxc5 27. Nb6
Rcf8 28. a4 Nd7 29. Nxd7 Kxd7 30. a5 Ra8 31. Rc4 f5 32. Rca4 f4 33. a6 Ra7 34.
b6 Rxa6 35. Rxa6 bxa6 36. Rxa6 Rb8 37. Kc3 Kc8 {(=)} 38. Kc4 Kb7 39. Kb5 Ra8
40. Rxa8 Kxa8 41. Kc6 Kb8 42. Kxd6 c4 43. Ke7 c3 44. d6 c2 45. d7 c1=Q 46.
d8=Q+ Kb7 47. Qc7+ {Diagramm #} 1-0

[Event "33. ABC-Turnier 2013 - Gruppe C"]
[Site "Dortmund"]
[Date "2013.09.05"]
[Round "1.1"]
[White "Reinacher, Detlev"]
[Black "Benke, Werner"]
[Result "0-1"]
[WhiteElo "1589"]
[BlackElo "1566"]
[PlyCount "58"]
[EventDate "2013.??.??"]
[Source "Pit Schulenburg"]
[SourceDate "2013.09.05"]

1. e4 c5 2. d3 d6 3. Nf3 Nf6 4. g3 g6 5. Bg2 Bg7 6. O-O O-O 7. Re1 Nbd7 8. a4
a5 9. c3 b6 10. Qc2 Bb7 11. Nbd2 Rc8 12. b3 Qc7 13. Bb2 Rfe8 14. Rad1 Nh5 15.
Bh3 Rcd8 16. Nb1 d5 17. Na3 dxe4 18. dxe4 Ne5 19. Nxe5 Rxd1 20. Rxd1 Qxe5 21.
Bg2 Qc7 22. Qd2 Nf6 23. f3 Bc6 24. c4 Nh5 25. Bxg7 Nxg7 26. Nb5 Bxb5 27. axb5
Ne6 28. Qd7 $4 Rd8 29. Qxc7 Rxd1+ {Diagramm #} 0-1

[Event "33. ABC-Turnier 2013 - Gruppe C"]
[Site "Dortmund"]
[Date "2013.09.19"]
[Round "1.2"]
[White "Vogt, Christian"]
[Black "Benke, Werner"]
[Result "1-0"]
[WhiteElo "1506"]
[BlackElo "1566"]
[PlyCount "103"]
[EventDate "2013.??.??"]
[Source "Pit Schulenburg"]
[SourceDate "2013.09.05"]

1. d4 d5 2. c4 e6 3. Nc3 Nf6 4. cxd5 exd5 5. Bg5 Be7 6. e3 O-O 7. Bd3 Nbd7 8.
Nge2 h6 9. Bh4 Re8 10. O-O c6 11. Qc2 b6 12. Rab1 c5 13. Bb5 Bb7 14. dxc5 bxc5
15. Rfd1 Rf8 16. Qf5 g6 17. Qh3 Kg7 18. Bxd7 Nxd7 19. Bxe7 Qxe7 20. Nxd5 Bxd5
21. Rxd5 Nb6 22. Rd3 Rac8 23. Nc3 Qe5 24. Qg3 Qf5 25. Rbd1 Rc6 26. Qf3 Qxf3 27.
gxf3 Nc4 28. Rb1 Ne5 29. Rd5 Nxf3+ 30. Kg2 Ng5 31. Rd7 a6 32. Rbd1 Re8 33. Ra7
Ree6 34. Rdd7 Rf6 35. f4 Nh7 36. Nd5 Rf5 37. Ne7 Rcf6 38. Nxf5+ Rxf5 39. Rxa6
Nf8 40. Rd2 Nh7 41. a4 Nf6 42. Kf3 Rh5 43. Rxf6 Kxf6 44. Ke4 c4 45. Kd4 Ra5 46.
Kxc4 Rxa4+ 47. b4 Kf5 48. Rd5+ Ke6 49. Ra5 Rxa5 50. bxa5 Kd7 51. Kb5 Kc7 52.
Kc5 {Diagramm #} 1-0

[Event "33. ABC-Turnier 2013 - Gruppe C"]
[Site "Dortmund"]
[Date "2013.09.19"]
[Round "1.2"]
[White "Bednik, Henryk"]
[Black "Reinacher, Detlev"]
[Result "0-1"]
[WhiteElo "1508"]
[BlackElo "1589"]
[PlyCount "102"]
[EventDate "2013.??.??"]
[Source "Pit Schulenburg"]
[SourceDate "2013.09.05"]

1. c4 Nf6 2. Nf3 d6 3. d4 g6 4. Bg5 Bg7 5. Nc3 c6 6. Qd2 h5 7. e4 Nbd7 8. Bd3
Qc7 9. d5 a6 10. a4 Nc5 11. b4 Nb3 12. Qb2 Nxa1 13. Qxa1 Bd7 14. a5 O-O 15. Qc1
cxd5 16. Nxd5 Nxd5 17. exd5 Rfe8 18. O-O Rac8 19. Be3 e5 20. Bb6 Qb8 21. Re1 f5
22. Nh4 Bf6 23. Qh6 e4 24. Qxg6+ Bg7 25. Bd4 Re7 26. Re3 Rf8 27. Be2 Be8 28.
Qg5 Qc7 29. Rg3 f4 30. Rb3 Qd7 31. Rh3 Kh8 32. Bxh5 Bxd4 33. Ng6+ (33. Bxe8 $3
Rfxe8 34. Ng6+) 33... Bxg6 34. Bg4+ (34. Bxg6+ $1 Qxh3 35. gxh3) 34... Kg7 (
34... Bh7 $1 35. Bxd7 Rxd7) 35. Bxd7 Rxd7 36. Qh6+ (36. Rh6 $1 Rf6 37. h4 $1 e3
38. Kf1) 36... Kf7 37. Qxf4+ Ke8 38. Qg4 Bf5 39. Qh5+ Rdf7 40. Rg3 Bxf2+ 41.
Kh1 Bxg3 42. hxg3 Kd7 43. Qd1 Rh7+ 44. Kg1 Rfh8 45. Kf2 Rf8 46. Ke3 Rg7 47. Qe1
Rfg8 48. Kf4 Bh7 49. b5 Rg4+ 50. Ke3 Rxg3+ 51. Kf4 R8g4# {Diagramm #} 0-1

[Event "33. ABC-Turnier 2013 - Gruppe C"]
[Site "Dortmund"]
[Date "2013.09.19"]
[Round "1.2"]
[White "Rahner, Norbert"]
[Black "Schlepütz, Volker"]
[Result "1-0"]
[WhiteElo "1596"]
[BlackElo "1540"]
[PlyCount "85"]
[EventDate "2013.??.??"]
[Source "Pit Schulenburg"]
[SourceDate "2013.09.05"]

1. c4 c5 2. Nc3 Nc6 3. e3 g6 4. Nf3 Bg7 5. Be2 Nf6 6. O-O O-O 7. d4 cxd4 8.
exd4 d5 9. h3 dxc4 10. Bxc4 Na5 11. Be2 Nd5 12. Bd2 Nc6 13. Nxd5 Qxd5 14. Be3
Rd8 15. b3 Nxd4 16. Nxd4 Bxd4 17. Bf3 Qd6 18. Bxd4 Qxd4 19. Qe2 Qf6 20. Rad1 {
(=)} 20... e6 21. Qb5 Rxd1 22. Rxd1 Rb8 23. Qe8+ Kg7 24. Rc1 Qb2 25. Rxc8 Rxc8
26. Qxc8 Qxa2 27. Qxb7 Qa1+ 28. Kh2 Qe5+ 29. g3 Qc5 30. Kg2 a5 31. Bc6 Kf6 32.
Be8 Qe7 33. Qxe7+ Kxe7 34. Bb5 Kd6 35. Kf3 Ke5 36. Ke3 f6 37. f4+ Kd6 38. Kd4
e5+ 39. fxe5+ fxe5+ 40. Ke4 h6 41. Be8 g5 42. g4 Ke6 43. Bb5 {Diagramm #} 1-0

[Event "33. ABC-Turnier 2013 - Gruppe C"]
[Site "Dortmund"]
[Date "2013.10.04"]
[Round "1.3"]
[White "Schlepütz, Volker"]
[Black "Vogt, Christian"]
[Result "1/2-1/2"]
[WhiteElo "1540"]
[BlackElo "1506"]
[PlyCount "56"]
[EventDate "2013.??.??"]
[Source "Pit Schulenburg"]
[SourceDate "2013.09.05"]

1. d4 Nf6 2. c4 e6 3. Nc3 Bb4 4. Qc2 b6 5. a3 Bxc3+ 6. Qxc3 Bb7 7. Nf3 h6 8. e3
Ne4 9. Qc2 O-O 10. Bd3 d5 11. O-O Nd7 12. Nd2 f5 13. cxd5 exd5 14. Nf3 c5 15.
Bb5 a6 16. Bxd7 Qxd7 17. Ne5 Qc8 18. f3 Nf6 19. dxc5 bxc5 20. Ng6 Rf7 21. Bd2
Kh7 22. Ne5 Rf8 23. Rac1 Qe6 24. f4 Ne4 25. Ba5 Rac8 26. Qb3 Ba8 27. Qb6 Qxb6
28. Bxb6 c4 {(=)} 1/2-1/2

[Event "33. ABC-Turnier 2013 - Gruppe C"]
[Site "Dortmund"]
[Date "2013.10.04"]
[Round "1.3"]
[White "Reinacher, Detlev"]
[Black "Rahner, Norbert"]
[Result "0-1"]
[WhiteElo "1589"]
[BlackElo "1596"]
[PlyCount "111"]
[EventDate "2013.??.??"]
[Source "Pit Schulenburg"]
[SourceDate "2013.09.05"]

1. Nf3 Nf6 2. g3 d5 3. Bg2 b6 4. d3 Bb7 5. O-O Nbd7 6. b3 e5 7. Bb2 Bd6 8. c3
O-O 9. Nbd2 Re8 10. Qc2 Rc8 11. e4 c6 12. Rfe1 Qc7 13. Rac1 Bc5 14. d4 Bd6 15.
exd5 cxd5 16. dxe5 Nxe5 17. Qb1 Qb8 18. Nxe5 {(=)} 18... Rxe5 19. Rxe5 Bxe5 20.
Nf3 Bd6 21. Qd3 h6 22. Rd1 Ne4 23. Nh4 Be5 24. Bxe4 dxe4 25. Qe3 Rd8 26. Rd2
Qc7 27. Nf5 Kh7 28. Nd4 a6 29. b4 b5 30. a3 Qd7 31. Nf3 Qc7 32. Rxd8 exf3 33.
Qd3+ g6 34. Rd7 Qc6 35. Rxf7+ Kg8 36. Rd7 Bc8 37. Rd8+ Kg7 38. Rd5 Qf6 39. Qe3
Bb8 40. Bc1 g5 41. Rc5 Bb7 42. Qd3 Bd6 43. Rf5 Qe6 44. Bd2 Be4 45. Qd4+ Kg6 46.
Rf6+ Qxf6 47. Qxe4+ Qf5 48. Qe8+ Kf6 49. Qh8+ Ke7 50. Qg7+ Kd8 51. Qh8+ Kd7 52.
Qg7+ Kc6 53. Be1 Qb1 54. Kf1 Qd3+ 55. Kg1 Qe2 56. h4 0-1

[Event "33. ABC-Turnier 2013 - Gruppe C"]
[Site "Dortmund"]
[Date "2013.10.17"]
[Round "1.3"]
[White "Benke, Werner"]
[Black "Bednik, Henryk"]
[Result "1/2-1/2"]
[WhiteElo "1566"]
[BlackElo "1508"]
[PlyCount "165"]
[EventDate "2013.??.??"]
[Source "Pit Schulenburg"]
[SourceDate "2013.09.05"]

1. d4 Nf6 2. c4 e6 3. Nf3 Bb4+ 4. Bd2 Bxd2+ 5. Qxd2 b6 6. Qg5 O-O 7. Nc3 Nc6 8.
O-O-O d5 9. e3 h6 10. Qh4 dxc4 11. Bxc4 Nb4 12. e4 Nh7 13. Qg3 Ba6 14. Bxa6
Nxa6 15. Rhe1 c6 16. Ne5 Qc7 17. f4 b5 18. a3 Nf6 19. Ng4 Nxg4 20. Qxg4 b4 21.
axb4 Nxb4 22. Rd2 Qa5 23. Kd1 Rab8 24. Ke2 Qa6+ 25. Ke3 Rfd8 26. Red1 Qc4 27.
Qe2 Qxe2+ 28. Kxe2 a5 29. Na4 Na6 30. Rc1 Rb4 31. Nc5 Nxc5 32. Rxc5 Rdxd4 33.
Rxd4 Rxd4 34. Ke3 Rb4 35. Rxa5 Rxb2 36. Kf3 Rc2 37. h3 g6 38. h4 Kg7 39. e5 g5
40. hxg5 hxg5 41. g3 Kg6 42. Kg4 gxf4 43. Kxf4 c5 44. Ra8 c4 45. Rg8+ Kh7 46.
Rc8 c3 47. Kg5 Kg7 48. Kg4 f6 49. Kf4 Rf2+ 50. Ke3 Rg2 51. Kf3 Rc2 52. exf6+
Kxf6 53. Ke4 Rc1 54. Kd3 Rg1 55. Rf8+ Kg7 56. Rf3 Rc1 57. Rf4 Kg6 58. Rf8 Rg1
59. Rf3 Ra1 60. Rf2 c2 61. Rxc2 Rg1 62. Ke4 Rxg3 63. Kf4 Rg1 64. Rc8 Kf6 65.
Rf8+ Ke7 66. Ra8 Re1 67. Kf3 Kf6 68. Kf2 Re4 69. Kf3 Rd4 70. Ke3 Rd1 71. Ke2
Rb1 72. Ke3 Rb2 73. Ra5 Rh2 74. Rb5 Rh1 75. Ra5 e5 76. Ra8 Rh4 77. Rb8 Ke6 78.
Ra8 Rb4 79. Rh8 Kf5 80. Rh5+ Kf6 81. Rh8 Rf4 82. Rg8 Kf5 83. Rg7 1/2-1/2

[Event "33. ABC-Turnier 2013 - Gruppe C"]
[Site "Dortmund"]
[Date "2013.11.03"]
[Round "1.4"]
[White "Rahner, Norbert"]
[Black "Benke, Werner"]
[Result "1-0"]
[WhiteElo "1596"]
[BlackElo "1566"]
[PlyCount "57"]
[EventDate "2013.??.??"]
[Source "Pit Schulenburg"]
[SourceDate "2013.09.05"]

1. c4 e6 2. Nf3 d5 3. d4 c5 4. e3 Nf6 5. Nc3 Nc6 6. cxd5 Nxd5 7. Bb5 Nxc3 8.
bxc3 Bd7 9. Bd2 Be7 10. O-O O-O 11. Rb1 a6 12. Be2 Rb8 13. e4 b5 14. Bf4 Rb7
15. a4 Na7 16. Ne5 f6 17. Nxd7 Qxd7 18. Bg4 f5 19. exf5 exf5 20. Bf3 Rb6 21.
Re1 Rd8 22. Re5 cxd4 23. cxd4 Bf6 24. Rd5 Qe7 25. a5 Re6 26. Rxd8+ Qxd8 27. Qb3
Qe7 28. Bd5 Kf7 29. Re1 1-0

[Event "33. ABC-Turnier 2013 - Gruppe C"]
[Site "Dortmund"]
[Date "2013.10.17"]
[Round "1.4"]
[White "Schlepütz, Volker"]
[Black "Reinacher, Detlev"]
[Result "1-0"]
[WhiteElo "1540"]
[BlackElo "1589"]
[PlyCount "83"]
[EventDate "2013.??.??"]
[Source "Pit Schulenburg"]
[SourceDate "2013.09.05"]

1. d4 Nf6 2. c4 g6 3. Nc3 Bg7 4. e4 d6 5. Nf3 O-O 6. Be2 Nbd7 7. O-O c6 8. Be3
Qc7 9. h3 a6 10. Qd2 Re8 11. Bd3 b6 12. b4 Bb7 13. d5 c5 14. Rfb1 cxb4 15. Rxb4
a5 16. Rb3 Ba6 17. Rc1 Rab8 18. Nb5 Qb7 19. a4 Nc5 20. Bxc5 dxc5 21. e5 Nd7 22.
Re1 Bxb5 23. Rxb5 Qc7 24. e6 fxe6 25. Rxe6 Nf8 26. Rc6 Qd8 27. Qf4 e5 28. Qe4
Nd7 29. Qe3 e4 30. Bxe4 Nf6 31. Re6 Rxe6 32. dxe6 Qd6 33. Rb1 Kh8 34. Bc2 Re8
35. Ng5 Kg8 36. Rd1 Qc6 37. Qg3 h6 38. Rd6 Qc8 39. Bxg6 hxg5 40. Bxe8 Ne4 41.
Bf7+ Kf8 42. Qd3 1-0

[Event "33. ABC-Turnier 2013 - Gruppe C"]
[Site "Dortmund"]
[Date "2013.10.24"]
[Round "1.5"]
[White "Reinacher, Detlev"]
[Black "Vogt, Christian"]
[Result "0-1"]
[WhiteElo "1589"]
[BlackElo "1506"]
[PlyCount "114"]
[EventDate "2013.??.??"]
[Source "Pit Schulenburg"]
[SourceDate "2013.09.05"]

1. e4 c5 2. d3 e6 3. Nf3 Nc6 4. g3 g6 5. Bg2 Bg7 6. c3 Nge7 7. O-O O-O 8. Re1
d5 9. e5 b6 10. Qe2 Ba6 11. Bf4 h6 12. h4 Rb8 13. Nbd2 Kh7 14. b3 Qc8 15. Rac1
Qd8 16. Nf1 Nf5 17. N1h2 d4 18. c4 Bb7 19. Qd2 Nfe7 20. Ng4 Ng8 21. a3 a5 22.
Nfh2 Ba8 23. Nf6+ Bxf6 24. exf6 Rc8 25. Ng4 h5 26. Nh6 Nxh6 27. Bxh6 Rg8 28.
Bg7 Rxg7 29. fxg7 Kxg7 30. Re2 Qf6 31. Rce1 Rh8 32. Bh3 Ne7 33. Kh2 Qf3 34. Rg1
Qf6 35. f4 Bf3 36. Rf2 Ba8 37. Re1 Nf5 38. Bxf5 gxf5 39. b4 axb4 40. axb4 Qe7
41. b5 Qb7 42. Ra1 Re8 43. Qe2 Kg6 44. Qf1 Qc7 45. Rfa2 Bb7 46. Qe2 f6 47. Ra7
e5 48. Re1 Qb8 49. Raa1 e4 50. Kh3 e3 51. Kh2 Kh6 52. Ra4 Ba8 53. Rea1 Qb7 54.
Qa2 e2 55. Rxa8 Rxa8 56. Qb1 Rxa1 57. Qxa1 Qf3 0-1

[Event "33. ABC-Turnier 2013 - Gruppe C"]
[Site "Dortmund"]
[Date "2013.10.24"]
[Round "1.5"]
[White "Benke, Werner"]
[Black "Schlepütz, Volker"]
[Result "1-0"]
[WhiteElo "1566"]
[BlackElo "1540"]
[PlyCount "90"]
[EventDate "2013.??.??"]
[Source "Pit Schulenburg"]
[SourceDate "2013.09.05"]

1. d4 Nf6 2. c4 e6 3. Nf3 d5 4. e3 c6 5. Nc3 Be7 6. Bd2 O-O 7. Be2 Nbd7 8. O-O
Qc7 9. Rc1 dxc4 10. Bxc4 Nb6 11. Be2 Nbd5 12. Bd3 a6 13. a4 Bd7 14. h3 Rad8 15.
Bb1 Bd6 16. Re1 Nxc3 17. Bxc3 h6 18. Qc2 g6 19. e4 Be7 20. Ne5 Be8 21. Nc4 b5
22. Ba5 Qd7 23. Bxd8 Bxd8 24. axb5 cxb5 25. Ne3 Qxd4 26. Red1 Qb6 27. Qc5 Qxc5
28. Rxc5 Bb6 29. Rc8 a5 30. Ng4 Nxg4 31. hxg4 e5 32. Rd6 Bd4 33. b3 a4 34. bxa4
bxa4 35. Rdd8 Kg7 36. Rxe8 Rxe8 37. Rxe8 Kf6 38. Kf1 Kg5 39. f3 h5 40. gxh5
Kxh5 41. Rf8 f5 42. exf5 gxf5 43. Rxf5+ Kh4 44. Rf8 Kg3 45. Rg8+ Kf4 1-0

[Event "33. ABC-Turnier 2013 - Gruppe C"]
[Site "Dortmund"]
[Date "2013.10.17"]
[Round "1.5"]
[White "Bednik, Henryk"]
[Black "Rahner, Norbert"]
[Result "0-1"]
[WhiteElo "1508"]
[BlackElo "1596"]
[PlyCount "110"]
[EventDate "2013.??.??"]
[Source "Pit Schulenburg"]
[SourceDate "2013.09.05"]

1. Nf3 c5 2. e4 d6 3. d4 cxd4 4. Nxd4 g6 5. Bb5+ Bd7 6. a4 Bg7 7. c3 Nf6 8. f3
O-O 9. Na3 a6 10. Bxd7 Nbxd7 11. Be3 Rc8 12. O-O Ne5 13. Qd2 Qd7 14. b3 Rfd8
15. c4 Nc6 16. Ne2 Qc7 17. Rac1 Qa5 18. Qxa5 Nxa5 19. b4 Nc6 20. Bb6 Re8 21. b5
Ne5 22. Rfd1 Nfd7 23. Bd4 Nc5 24. bxa6 bxa6 25. f4 Ned3 26. Rc3 Bxd4+ 27. Nxd4
Nxf4 28. g3 Nxa4 29. Rf3 Nh3+ 30. Kg2 Ng5 31. Re3 Nc5 32. e5 dxe5 33. Rxe5 f6
34. Ree1 e5 35. Ndc2 Red8 36. Nb4 Kf7 37. Nd5 Rc6 38. Rb1 Rd7 39. Rb8 Nge4 40.
Kf3 Nd2+ 41. Kf2 Nd3+ 42. Ke2 Nxe1 43. Rh8 Kg7 44. Ra8 Nef3 45. Nb4 Rcc7 46.
Nd5 Rc6 47. Nb4 Rc5 48. Rxa6 Nxh2 49. Nd5 Rcxd5 50. cxd5 Rxd5 51. Kf2 h5 52.
Nc2 Ng4+ 53. Ke2 Ne4 54. Ne3 Nc3+ 55. Kf1 Nxe3+ 0-1

[Event "33. ABC-Turnier 2013 - Gruppe C"]
[Site "Dortmund"]
[Date "2013.11.07"]
[Round "2.1"]
[White "Vogt, Christian"]
[Black "Rahner, Norbert"]
[Result "1/2-1/2"]
[WhiteElo "1506"]
[BlackElo "1596"]
[PlyCount "65"]
[EventDate "2013.??.??"]
[Source "Pit Schulenburg"]
[SourceDate "2013.09.05"]

1. d4 d5 2. c4 e6 3. Nc3 Nf6 4. cxd5 exd5 5. Bg5 Be7 6. e3 c6 7. Bd3 h6 8. Bh4
O-O 9. Nge2 Re8 10. Qc2 Nbd7 11. O-O Nf8 12. Rab1 Ng4 13. Bxe7 Qxe7 14. b4 Bd7
15. h3 Nf6 16. a4 a6 17. b5 axb5 18. axb5 Ra5 19. bxc6 Bxc6 20. Ng3 g6 21. Rb2
Rea8 22. Bb5 Qd7 23. Bxc6 Qxc6 24. Rfb1 Ra1 25. Qc1 Rxb1 26. Rxb1 Rc8 27. Nge2
N8d7 28. Qb2 b6 29. Qb5 Kf8 30. Qxc6 Rxc6 31. Rb5 Ke7 32. Nxd5+ Nxd5 33. Rxd5 {
(=)} 1/2-1/2

[Event "33. ABC-Turnier 2013 - Gruppe C"]
[Site "Dortmund"]
[Date "2013.11.07"]
[Round "2.1"]
[White "Bednik, Henryk"]
[Black "Schlepütz, Volker"]
[Result "1/2-1/2"]
[WhiteElo "1508"]
[BlackElo "1540"]
[PlyCount "128"]
[EventDate "2013.??.??"]
[Source "Pit Schulenburg"]
[SourceDate "2013.09.05"]

1. Nf3 Nf6 2. b4 e6 3. a3 d5 4. Bb2 Be7 5. e3 O-O 6. c4 c5 7. bxc5 Bxc5 8. Qc2
b6 9. Bd3 h6 10. cxd5 exd5 11. Bf5 Nc6 12. d4 Bxf5 13. Qxf5 Ne7 14. Qd3 Bd6 15.
Nc3 Rc8 16. O-O Ng6 17. a4 Re8 18. Nb5 Bb8 19. Rac1 Qe7 20. Rxc8 Rxc8 21. Nd2
a6 22. Ba3 Qd7 23. Nc3 Qc7 24. Nf3 Qxc3 25. Qxa6 Re8 26. Bc1 Qc7 27. g3 h5 28.
Bd2 Ne4 29. Qb5 Nd6 30. Qxd5 Ne4 31. Rc1 Qe7 32. Be1 Nf6 33. Qb5 Qe4 34. Ng5
Qd5 35. Rb1 Qxb5 36. Rxb5 Ba7 37. a5 bxa5 38. Rxa5 Bxd4 39. exd4 Rxe1+ 40. Kg2
Rd1 41. Ra8+ Nf8 42. Rd8 g6 43. Kf3 Kg7 44. Ke2 Ra1 45. h3 Ne6 46. Nxe6+ fxe6
47. Rc8 Nd5 48. h4 Ra2+ 49. Kf3 Ra7 50. Rc6 Kf6 51. Ke4 Ra3 52. Rc8 Kf7 53. Rc2
Rc3 54. Ra2 Re3+ 55. fxe3 Nc3+ 56. Kf4 Nxa2 57. g4 hxg4 58. Kxg4 Kf6 59. e4 Nb4
60. h5 gxh5+ 61. Kxh5 Kf7 62. Kg5 Kg7 63. Kf4 Kf6 64. Ke3 Kg5 {
und in dieser gewonnenen Stellung gab Schwarz remis.} ({Auf} 64... Kg5 {
haette folgen koennen:} 65. Kf3 Nc6 66. Ke3 (66. d5 Nd4+ 67. Ke3 e5 $19) 66...
Na5 67. Kf3 (67. e5 Kf5 $19) (67. Kd3 Kf4 $19) 67... Nc4 68. Kg3 Nd2 {usw.})
1/2-1/2